书目信息 |
| 题名: |
新195柴油机使用与保养
|
|
| 作者: | ;河北省机械研究所 编 | |
| 分册: | ||
| 出版信息: | 石家庄 河北人民出版社 1975 |
|
| 页数: | 144页 | |
| 开本: | 20cm | |
| 丛书名: | ||
| 单 册: | ||
| 中图分类: | TK429 | |
| 科图分类: | ||
| 主题词: | 柴油机 | |
| 电子资源: | ||
| ISBN: | ||
| 000 | 00651nam0 2200217 450 | |
| 001 | 0532062806 | |
| 005 | 20060322090311.85 | |
| 010 | @dCNY0.32 | |
| 091 | @a15086.122 | |
| 100 | @a20051121d1975 km y0chiy0120 ea | |
| 101 | 0 | @achi |
| 102 | @aCN@b130000 | |
| 102 | @aCN@b130000 | |
| 200 | 1 | @a新195柴油机使用与保养@Axin 195 chai you ji shi yong yu bao yang@f河北省机械研究所编@Fhe bei sheng ji xie yan jiu suo bian |
| 210 | @a石家庄@c河北人民出版社@d1975 | |
| 215 | 1 | @a144页@d20cm |
| 606 | 0 | @a柴油机 |
| 690 | @aTK429@v4 | |
| 711 | 0 | @a河北省机械研究所@Ahe bei sheng ji xie yan jiu suo@4编 |
| 801 | 0 | @aCN@bPFT@c20060322 |
| 905 | @a10447@dTK429@e1 | |
| 新195柴油机使用与保养/河北省机械研究所编.-石家庄:河北人民出版社,1975 |
| 144页;20cm |
| ISBN :CNY0.32 |
| ● |
| 相关链接 |
|
|
|
|
正题名:新195柴油机使用与保养
索取号:TK429/1
 
预约/预借
| 序号 | 登录号 | 条形码 | 馆藏地/架位号 | 状态 | 备注 |
| 1 | 0016363 | 202178927 | 密集书库/ [索取号:TK429/1] | 在馆 | |
| 2 | 0016364 | 202218251 | 密集书库/ [索取号:TK429/1] | 在馆 | |
| 3 | 0016365 | 202139373 | 密集书库/ [索取号:TK429/1] | 在馆 | |
| 4 | 0016366 | 202139453 | 密集书库/ [索取号:TK429/1] | 在馆 | |
| 5 | 0016367 | 202178883 | 密集书库/ [索取号:TK429/1] | 在馆 | |
| 6 | 0016368 | 202139550 | 密集书库/ [索取号:TK429/1] | 在馆 |